| 000 | 00709nam a2200265Ia 4500 | ||
|---|---|---|---|
| 005 | 20260121173619.0 | ||
| 008 | 008 260114s9999 xx 000 0 eng d | ||
| 020 | _a9783319072241 | ||
| 037 | _aEBOOK | ||
| 040 | _aCRL | ||
| 040 | _beng | ||
| 040 | _cCRL | ||
| 041 | _2eng | ||
| 041 | _aeng | ||
| 084 | _qCRL | ||
| 100 |
_aJanet Treadwell Rebecca Perez Debbie Stubbs Jeanne W. McAllister Susan Stern Ruth Buzi _91103036 |
||
| 245 | 0 | _aCase Management and Care Coordination | |
| 260 | _bSpringer | ||
| 260 | _bSpringer | ||
| 260 | _c2015 | ||
| 856 | _uhttps://link.springer.com/openurl?genre=book&isbn=978-3-319-07224-1 | ||
| 942 | _cEBOOK | ||
| 999 |
_c1668781 _d1668781 |
||